|
|
|
|
| LEADER |
00000cam a22000004a 4500 |
| 001 |
musev2_72622 |
| 003 |
MdBmJHUP |
| 005 |
20230905051457.0 |
| 006 |
m o d |
| 007 |
cr||||||||nn|n |
| 008 |
200112t20202020enk o 00 0 eng d |
| 020 |
|
|
|a 9781526142818
|
| 020 |
|
|
|z 9781526142825
|
| 020 |
|
|
|z 1526142813
|
| 020 |
|
|
|z 9781526142801
|
| 035 |
|
|
|a (OCoLC)1136401887
|
| 040 |
|
|
|a MdBmJHUP
|c MdBmJHUP
|
| 100 |
1 |
|
|a Campbell, Andrew Raymond,
|d 1982-
|e author.
|
| 245 |
1 |
0 |
|a Bound together :
|b Leather, sex, archives, and contemporary art /
|c Andy Campbell.
|
| 264 |
|
1 |
|a Manchester :
|b Manchester University Press,
|c 2020.
|
| 264 |
|
3 |
|a Baltimore, Md. :
|b Project MUSE,
|c 2020
|
| 264 |
|
4 |
|c ©2020.
|
| 300 |
|
|
|a 1 online resource (280 pages):
|b illustrations
|
| 336 |
|
|
|a text
|b txt
|2 rdacontent
|
| 337 |
|
|
|a computer
|b c
|2 rdamedia
|
| 338 |
|
|
|a online resource
|b cr
|2 rdacarrier
|
| 490 |
0 |
|
|a Rethinking art's histories
|
| 520 |
|
|
|a This book examines US gay and lesbian leather archives alongside contemporary artistic practices that reframe and renegotiate historical source material, creating a queer politics of the present.
|
| 588 |
|
|
|a Description based on print version record.
|
| 650 |
|
7 |
|a Bondage (Sexual behavior) in art.
|2 fast
|0 (OCoLC)fst01902589
|
| 650 |
|
7 |
|a Homosexuality in art.
|2 fast
|0 (OCoLC)fst00959823
|
| 650 |
|
7 |
|a Leather lifestyle in art.
|2 fast
|0 (OCoLC)fst01903760
|
| 650 |
|
7 |
|a ART
|x Criticism & Theory.
|2 bisacsh
|
| 650 |
|
6 |
|a Bondage dans l'art.
|
| 650 |
|
0 |
|a Homosexuality in art.
|
| 650 |
|
0 |
|a Leather lifestyle in art.
|
| 650 |
|
0 |
|a Bondage (Sexual behavior) in art.
|
| 655 |
|
7 |
|a Electronic books.
|2 local
|
| 710 |
2 |
|
|a Project Muse.
|e distributor
|
| 830 |
|
0 |
|a Book collections on Project MUSE.
|
| 856 |
4 |
0 |
|z Texto completo
|u https://projectmuse.uam.elogim.com/book/72622/
|
| 945 |
|
|
|a Project MUSE - Custom Collection
|
| 945 |
|
|
|a Project MUSE - 2020 Complete
|
| 945 |
|
|
|a Project MUSE - 2020 Global Cultural Studies
|